000 00452nam a2200193Ia 4500
005 20240823025515.0
008 240823s9999||||xx |||||||||||||| ||und||
020 _a0-415-25393-4
041 _aENGLISH
082 _A944.04 P5
100 _aGeorges Lefebvre
245 4 _aThe French Revolution
250 _a1st
260 _c2005
_b"Routledge,L"
500 _aYES
650 _aThe French Revolution
_bGeneral
942 _cBK
999 _c186480
_d186480